000 01003nam a2200289 i 4500
003 EG-ScBUE
005 20260203105206.0
008 210923s2026 ua f 000 f ara d
017 _a2025 / 9632
020 _a9789778242874
040 _aEG-ScBUE
_bara
_erda
_cEG-ScBUE
_dEG-ScBUE
082 0 4 _a‪892.746
_bع ب د
_222
100 1 _aعبد المجيد، أحمد،
_eمؤلف.
245 1 0 _aترنيمة سلام :
_bرواية /
_cأحمد عبد المجيد.
250 _aالطبعة الأولى.
264 1 _aالقاهرة :
_bالرواق للنشر والتوزيع،
_c2026.
300 _a299 صفحة ؛
_c21 سم
336 _2rdacontent
_aنص
_btxt
337 _2rdamedia
_aبدون وسيط
_bn
338 _2rdacarrier
_aمجلد
_bnc
541 _aBook Fair 2026.
650 7 _aالقصص العربية
_yقرن 21.
_2BUEsh
650 7 _aالأدب العربي
_yقرن 21.
_vBUEsh
653 _aBUEsh
_bARALIT
_cFebruary2026
655 7 _2BUEsh
_vReading book
942 _2ddc
999 _c31071
_d31042